指定野菜・特定野菜 - Statistics

General Stats
  • This quiz has been taken 267 times
  • The average score is 28 of 49
Answer Stats
ジャンル 備考 解答 % Correct
指定野菜 にんじん
97%
指定野菜 キャベツ
96%
指定野菜 だいこん
93%
指定野菜 レタス
92%
指定野菜 ばれいしょ
92%
指定野菜 たまねぎ
88%
指定野菜 トマト
87%
指定野菜 ねぎ
87%
指定野菜 きゅうり
86%
指定野菜 なす
85%
指定野菜 ほうれんそう
85%
指定野菜 ピーマン
82%
特定野菜 かんしょ
82%
特定野菜 こまつな
81%
指定野菜 結球・半結球に限る はくさい
79%
特定野菜 2026年度から指定野菜へ昇格 ブロッコリー
77%
特定野菜 すいか
76%
特定野菜 ごぼう
73%
指定野菜 さといも
72%
特定野菜 かぼちゃ
71%
特定野菜 かぶ
66%
特定野菜 れんこん
64%
特定野菜 なましいたけ
63%
特定野菜 いちご
63%
特定野菜 温室のものを除く メロン
63%
特定野菜 カリフラワー
62%
特定野菜 スイートコーン
61%
特定野菜 しょうが
56%
特定野菜 にんにく
53%
特定野菜 セルリー
49%
特定野菜 ちんげんさい
49%
特定野菜 にら
48%
特定野菜 やまのいも
48%
特定野菜 みずな
47%
特定野菜 みょうが
43%
特定野菜 えだまめ
39%
特定野菜 アスパラガス
38%
特定野菜 しゅんぎく
36%
特定野菜 オクラ
36%
特定野菜 ししとうがらし
27%
特定野菜 にがうり
27%
特定野菜 ふき
26%
特定野菜 乾燥したものを除く そらまめ
24%
特定野菜 さやえんどう
18%
特定野菜 みつば
13%
特定野菜 さやいんげん
12%
特定野菜 らっきょう
12%
特定野菜 グリーンピース
8%
特定野菜 わけぎ
7%
No matching quizzes found
Score Distribution
Percent of People with Each Score
Percentile by Number Answered
Your Score History
You have not taken this quiz